[Event "Cadillac Open/5/15"]
[Site "?"]
[Date "1996.??.??"]
[Round "?"]
[White "Nikitin, Mike"]
[Black "Betker, K."]
[Result "0-1"]
[WhiteElo "1605"]
[BlackElo "1605"]
[PlyCount "54"]
[EventDate "1996.??.??"]

{5/15} 1. d4 d5 2. c4 e6 3. Nc3 Nf6 4. Nf3 Be7 5. Bf4 a6 6. Qc2 b6 7. Ne5 O-O
8. O-O-O Bb7 9. f3 dxc4 10. Nxc4 b5 11. Na5 Ra7 12. e4 c5 13. dxc5 Qxa5 14. Be3
Bc6 15. b3 Rd7 16. Bd3 b4 17. Nb1 g6 18. h4 Rc7 19. Kd2 Bb5 20. Ke2 Bxd3+ 21.
Rxd3 Bxc5 22. Rc1 Rfc8 23. Bh6 Nbd7 24. Qb2 Bf8 25. Rxd7 Rxc1 26. Qxf6 R8c2+
27. Bd2 Qb5+ {[Remainder illegible; 0-1, 32?]} 0-1

[Event "Eastpointe (EDO/5/15)"]
[Site "?"]
[Date "1996.??.??"]
[Round "?"]
[White "Nikitin, Mike"]
[Black "Berry, DeMarcus"]
[Result "1-0"]
[WhiteElo "1605"]
[BlackElo "1605"]
[PlyCount "117"]
[EventDate "1996.??.??"]

{5/(15)} 1. d4 Nf6 2. c4 e5 3. dxe5 Ng4 4. Nf3 Bc5 5. e3 Nc6 6. Be2 O-O 7. a3
Ngxe5 8. Nxe5 Nxe5 9. b4 Be7 10. Bb2 Bf6 11. Qc2 d6 12. Nd2 Be6 13. h3 Qd7 14.
f4 Bh4+ 15. Kd1 Ng6 16. Nf3 Bf2 17. Qc3 f6 18. Nd4 Bf5 19. Rf1 Bg3 20. Nxf5
Qxf5 21. Bg4 Qe4 22. Bf3 Qe8 23. Bxb7 Rd8 24. Bd5+ Kh8 25. b5 Ne7 26. Be6 Qh5+
27. Bg4 Qf7 28. e4 Rde8 29. Kc2 Ng6 30. Qxg3 Rxe4 31. Rac1 Qxc4+ 32. Kb1 Qxb5
33. Rf2 Rb8 34. Qc3 d5 35. Qxc7 Qd3+ 36. Ka1 Qb5 37. Rfc2 Rc4 38. Qxa7 Rxc2 39.
Rxc2 Qf1+ 40. Rc1 Qb5 41. Qxb8+ Qxb8 42. Rc8+ Qxc8 43. Bxc8 Nxf4 44. Bb7 Kg8
45. h4 Kf7 46. g3 Ne2 47. Bxd5+ Ke7 48. g4 Nf4 49. Bc4 h6 50. a4 Kd6 51. Ba3+
Kc7 52. a5 Ng2 53. Bb2 Kb8 54. a6 Ka7 55. Bd3 Nf4 56. Bd4+ Ka8 57. Be4+ Kb8 58.
a7+ Kc8 59. a8=Q+ 1-0

[Event "Cadillac Open/3/9"]
[Site "?"]
[Date "1996.??.??"]
[Round "?"]
[White "Nikitin, Mike"]
[Black "Bailey, Greg"]
[Result "0-1"]
[WhiteElo "1605"]
[BlackElo "2000"]
[PlyCount "30"]
[EventDate "1996.??.??"]

{3/9} 1. e4 e6 2. Nc3 d5 3. exd5 exd5 4. d4 c6 5. Nf3 Bd6 6. Bd3 Ne7 7. Be3 Bf5
8. Ne2 Nd7 9. Ng3 Bg6 10. h4 Qc7 11. Rh3 Nf6 12. Qd2 Ng4 13. O-O-O Bxd3 14.
Qxd3 Nxe3 15. Qxe3 Bf4 0-1

[Event "Ann Arbor (Fall Open/3/14)"]
[Site "?"]
[Date "1996.??.??"]
[Round "?"]
[White "Nikitin, Matt"]
[Black "Tracy, B."]
[Result "0-1"]
[WhiteElo "1605"]
[BlackElo "1605"]
[PlyCount "51"]
[EventDate "1996.??.??"]

{3/(14)} 1. e4 d6 2. d4 Nf6 3. Nc3 g6 4. Nf3 Bg7 5. Be2 O-O 6. O-O Nbd7 7. Be3
e5 8. Qd2 Ng4 9. Rad1 Nxe3 10. Qxe3 Nf6 11. h3 Bd7 12. dxe5 dxe5 13. Nxe5 Qc8
14. Nxd7 Nxd7 15. Bg4 Rd8 16. Bxd7 Rxd7 17. Rxd7 Qxd7 18. Rd1 Qe8 19. Rd3 b6
20. f3 Rd8 21. Rxd8 Qxd8 22. b3 Bd4 23. Nd5 Bxe3+ 24. Nxe3 Qd2 25. Nd5 Qxc2 26.
Ne7+ 0-1

[Event "Lansing (MOR/6/41)"]
[Site "?"]
[Date "1996.??.??"]
[Round "?"]
[White "Nikitin, Matt"]
[Black "Renauer, D."]
[Result "1/2-1/2"]
[WhiteElo "1605"]
[BlackElo "1605"]
[PlyCount "34"]
[EventDate "1996.??.??"]

{6/(41)} 1. e4 c5 2. Nf3 d6 3. d4 cxd4 4. Nxd4 Nf6 5. Nc3 g6 6. Bf4 e5 7. Bb5+
Bd7 8. Bg5 exd4 9. Qxd4 Bg7 10. Qxd6 a6 11. e5 axb5 12. Nxb5 Ne4 13. Bxd8 Nxd6
14. Nc7+ Kf8 15. Nxa8 Bxe5 16. Bc7 Bxb2 17. Bxd6+ Kg7 1/2-1/2

[Event "Lansing (MOR/4/43)"]
[Site "?"]
[Date "1996.??.??"]
[Round "?"]
[White "Nikitin, Matt"]
[Black "Goerke, Jesse"]
[Result "0-1"]
[WhiteElo "1605"]
[BlackElo "1605"]
[PlyCount "106"]
[EventDate "1996.??.??"]

{4/(43)} 1. e4 c5 2. d3 d6 3. Nf3 g6 4. g3 Nc6 5. Bg2 Bg7 6. O-O Bg4 7. Nc3 Nd4
8. Be3 Bxf3 9. Bxf3 Nxf3+ 10. Qxf3 Nf6 11. Rad1 O-O 12. d4 cxd4 13. Bxd4 e5 14.
Bxe5 Ne8 15. Bxg7 Kxg7 16. e5 Qb6 17. exd6 Qxb2 18. d7 Nf6 19. Rd6 Nxd7 20.
Rxd7 Rac8 21. Nd5 Qxc2 22. Qf6+ Kh6 23. Qh4+ Kg7 24. Nf6 Rh8 25. Re1 Qc6 26.
Ree7 Qc1+ 27. Kg2 Qc6+ 28. Re4 Qxf6 29. Qxf6+ Kxf6 30. Rxb7 Kg7 31. Rxa7 Ra8
32. Rxa8 Rxa8 33. a4 f5 34. Rb4 h5 35. f4 Kh6 36. h4 Ra5 37. Kf3 Kg7 38. Ke3
Kf6 39. Kd3 Ke6 40. Kc3 Kd5 41. Kb3 Kc5 42. Ka3 Kc6 43. Rc4+ Kd5 44. Kb4 Rxa4+
45. Kxa4 Kxc4 46. Ka5 Kd4 47. Kb5 Ke3 48. Kc5 Kf3 49. Kd5 Kxg3 50. Ke5 Kxh4 51.
Kf6 Kg4 52. Kxg6 h4 53. Kf6 h3 0-1

[Event "Ann Arbor (Fall Open/2/13)"]
[Site "?"]
[Date "1996.??.??"]
[Round "?"]
[White "Nikitin, Matt"]
[Black "Gardner, James"]
[Result "0-1"]
[WhiteElo "1605"]
[BlackElo "1605"]
[PlyCount "88"]
[EventDate "1996.??.??"]

{2/(13)} 1. e4 e5 2. Nf3 Nc6 3. d3 Nf6 4. Nc3 Be7 5. Be2 O-O 6. O-O d6 7. Be3
b6 8. Qd2 Ng4 9. Rfd1 Nxe3 10. Qxe3 Bg4 11. Nd5 Bxf3 12. Bxf3 Nd4 13. Rac1 Bg5
14. Qe1 Bxc1 15. Rxc1 Nxf3+ 16. gxf3 c6 17. Ne3 Qe7 18. Nf5 Qe6 19. b3 g6 20.
Nh6+ Kg7 21. Qe3 Qh3 22. Qg5 Qxh6 23. Qxh6+ Kxh6 24. c4 f5 25. a4 a5 26. Rd1 c5
27. Kg2 Rad8 28. Kg3 fxe4 29. fxe4 Rf6 30. h4 Rdf8 31. Rf1 Rf3+ 32. Kg2 Rxd3
33. f3 Rf4 34. Kg3 Kh5 35. Rf2 Rxh4 36. Rh2 Rxh2 37. Kxh2 Rxf3 38. Kg2 Rxb3 39.
Kf2 Kg4 40. Ke2 h5 41. Kf2 h4 42. Kg2 Rb2+ 43. Kh1 Kg3 44. Kg1 Rb1# 0-1

[Event "Cadillac Open/2/19"]
[Site "?"]
[Date "1996.??.??"]
[Round "?"]
[White "Nikitin, Matt"]
[Black "Brumley, Ron"]
[Result "0-1"]
[WhiteElo "1605"]
[BlackElo "1605"]
[PlyCount "78"]
[EventDate "1996.??.??"]

{2/19} 1. e4 c5 2. Nf3 Nc6 3. Nc3 g6 4. Bc4 Bg7 5. Ng5 Ne5 6. d3 Nxc4 7. dxc4
Bxc3+ 8. bxc3 d6 9. O-O Nf6 10. Be3 h6 11. Nf3 Nxe4 12. Qd3 f5 13. Rad1 Be6 14.
Rfe1 Kf7 15. h3 Qa5 16. Bd2 Nxd2 17. Rxd2 Rhe8 18. Qe3 Bxc4 19. Qxh6 Rg8 20.
Qg5 Rae8 21. Qh6 Rc8 22. Ng5+ Ke8 23. Qh7 e5 24. Rxd6 Rc7 25. Qxg8+ Bxg8 26.
Rxe5+ Re7 27. Rxe7+ Kxe7 28. Rxg6 Qxa2 29. Rg7+ Kf6 30. Rxb7 Kxg5 31. Rg7+ Kf6
32. Rg3 Bf7 33. h4 Qxc2 34. Rh3 Bh5 35. f3 Qxc3 36. f4 Qc1+ 37. Kh2 Qxf4+ 38.
g3 Qf2+ 39. Kh1 Bf3# 0-1

[Event "Ann Arbor (Fall Open/2/7)"]
[Site "?"]
[Date "1996.??.??"]
[Round "?"]
[White "Nikitin, M."]
[Black "Potter, George"]
[Result "0-1"]
[WhiteElo "1895"]
[BlackElo "1605"]
[PlyCount "82"]
[EventDate "1996.??.??"]

{2/(7)} 1. d4 d5 2. c4 e6 3. Nc3 Nf6 4. Bg5 Be7 5. Nf3 Nbd7 6. e3 c5 7. cxd5
Nxd5 8. Bxe7 Qxe7 9. Nxd5 exd5 10. dxc5 Qxc5 11. Qd4 O-O 12. Be2 b6 13. O-O Bb7
14. Rfc1 Qxd4 15. Nxd4 Rac8 16. Bg4 Rxc1+ 17. Rxc1 Ne5 18. Be2 Rc8 19. Rxc8+
Bxc8 20. f4 Nc4 21. Bxc4 dxc4 22. Nc6 Bd7 23. Ne5 Bb5 24. Kf2 f6 25. Nf3 Kf7
26. g4 Bd7 27. h3 b5 28. a3 h5 29. Kg3 hxg4 30. hxg4 a5 31. Nd2 Ke7 32. e4 Kd6
33. Kf3 Kc5 34. e5 Kd4 35. exf6 gxf6 36. f5 Kd3 37. Nb1 b4 38. Kf4 Kc2 39. g5
fxg5+ 40. Kxg5 Kxb1 41. f6 Be6 0-1

[Event "Detroit (Class B/1/6)"]
[Site "?"]
[Date "1996.??.??"]
[Round "?"]
[White "Nicolli, Randy"]
[Black "al-Shareef, Robert"]
[Result "0-1"]
[WhiteElo "1755"]
[BlackElo "1685"]
[PlyCount "40"]
[EventDate "1996.??.??"]

{1/(6)} 1. f4 b6 2. e4 Bb7 3. d3 d6 4. Nf3 Nd7 5. Be2 e5 6. O-O Ngf6 7. Nc3 Be7
8. fxe5 dxe5 9. h3 Bc5+ 10. Kh1 a6 11. Qe1 Qe7 12. a3 b5 13. b4 Bb6 14. Bg5 h6
15. Bh4 g5 16. Bf2 g4 17. Nh4 gxh3 18. gxh3 Qe6 19. Bxb6 Qxh3+ 20. Kg1 Rg8+ 0-1

[Event "Detroit (Class B/5/3)"]
[Site "?"]
[Date "1996.??.??"]
[Round "?"]
[White "Nicolli, Randy"]
[Black "Zubatch, Steve"]
[Result "0-1"]
[WhiteElo "1755"]
[BlackElo "1720"]
[PlyCount "74"]
[EventDate "1996.??.??"]

{5/(3)} 1. f4 g6 2. d4 Nf6 3. Nc3 d5 4. Nf3 Nc6 5. e3 a6 6. Be2 h5 7. O-O Bf5
8. a3 Ne4 9. Nh4 Bd7 10. Qe1 e6 11. Bd3 Be7 12. Nf3 f5 13. Bxe4 fxe4 14. Ne5
Nxe5 15. fxe5 Bg5 16. Bd2 Qe7 17. Ne2 O-O-O 18. Nf4 Rdg8 19. Bb4 Qd8 20. Rc1
Be7 21. Rf2 g5 22. Ne2 Rf8 23. c4 h4 24. cxd5 exd5 25. Ba5 Bc6 26. Nc3 Rxf2 27.
Qxf2 Rf8 28. Qc2 Qd7 29. Na4 Kb8 30. Nc5 Bxc5 31. Qxc5 Qf5 32. Qc2 Bb5 33.
Bxc7+ Ka8 34. h3 g4 35. hxg4 Qxg4 36. Qd1 Be2 37. Qe1 h3 0-1

[Event "Howell (US Am N/4/19)"]
[Site "?"]
[Date "1996.??.??"]
[Round "?"]
[White "Nicolli, Randy"]
[Black "Snobeck, Michael"]
[Result "1-0"]
[WhiteElo "1785"]
[BlackElo "1605"]
[PlyCount "83"]
[EventDate "1996.??.??"]

{4/(19)} 1. f4 c5 2. e4 d6 3. Nf3 Nc6 4. Bb5 Bd7 5. Bxc6 Bxc6 6. d3 e6 7. b3
Be7 8. Bb2 Nf6 9. O-O Qc7 10. Nbd2 O-O-O 11. Qe2 h6 12. a3 Rdg8 13. c4 Rh7 14.
b4 g5 15. fxg5 hxg5 16. Nxg5 Rxg5 17. Bxf6 Rgh5 18. Bxe7 Qxe7 19. Nf3 f5 20. b5
fxe4 21. dxe4 Bd7 22. Rad1 e5 23. h3 Qg7 24. Kf2 R7h6 25. Ke1 Rg6 26. Rd2 Rh8
27. Rf2 Rg8 28. Nh4 Rh6 29. Nf5 Bxf5 30. exf5 Re8 31. Qe4 Rf8 32. a4 Qh7 33.
Rd3 Rff6 34. Rff3 Rh4 35. g4 Rfh6 36. Qe3 Qe7 37. g5 R6h5 38. f6 Qf7 39. Rxd6
Qxc4 40. Qd2 Qe4+ 41. Kf2 Rxh3 42. Rd8+ 1-0

[Event "Detroit (Class B/3/6)"]
[Site "?"]
[Date "1996.??.??"]
[Round "?"]
[White "Nicolli, Randy"]
[Black "Schilling, P."]
[Result "1-0"]
[WhiteElo "1755"]
[BlackElo "1680"]
[PlyCount "60"]
[EventDate "1996.??.??"]

{3/(6)} 1. f4 f5 2. b3 b6 3. Bb2 Bb7 4. e3 Nf6 5. Nf3 e6 6. g3 Be7 7. Bg2 d6 8.
O-O c5 9. Ng5 Bxg2 10. Nxe6 Qd7 11. Nxg7+ Kf7 12. Kxg2 Kxg7 13. d3 Qc6+ 14. Kg1
Kf7 15. Nd2 Rg8 16. Qe2 Nbd7 17. Rae1 d5 18. c4 Rae8 19. cxd5 Qxd5 20. e4 fxe4
21. dxe4 Qc6 22. e5 c4 23. Bd4 Bb4 24. bxc4 Bxd2 25. Qxd2 Ne4 26. Qd3 Ndc5 27.
Bxc5 Qxc5+ 28. Kg2 Nxg3 29. Qxh7+ Rg7 30. e6+ Kf8 1-0

[Event "Howell (US Am N/2/1)"]
[Site "?"]
[Date "1996.??.??"]
[Round "?"]
[White "Nicolli, Randy"]
[Black "Calton, Bill"]
[Result "0-1"]
[WhiteElo "1785"]
[BlackElo "2160"]
[PlyCount "78"]
[EventDate "1996.??.??"]

{2/(1)} 1. f4 g6 2. e4 c5 3. Nf3 Bg7 4. Bc4 e6 5. O-O Ne7 6. Nc3 O-O 7. d4 d5
8. exd5 exd5 9. Be2 cxd4 10. Nxd4 Qb6 11. Be3 Qxb2 12. Qd2 Nbc6 13. Rab1 Qa3
14. Rb3 Qd6 15. Ndb5 Qd8 16. Bc5 Be6 17. Rbb1 b6 18. Ba3 Qd7 19. Bf3 Rfd8 20.
Ne2 Nf5 21. Rbd1 Nh4 22. Nbd4 Nxf3+ 23. Nxf3 Rac8 24. Ned4 Na5 25. Nxe6 Qxe6
26. Rfe1 Bc3 27. Qd3 Bxe1 28. Rxe1 Qf5 29. Qxf5 gxf5 30. Nd4 Nc4 31. Be7 Rd7
32. Nxf5 h5 33. Nh6+ Kg7 34. Nf5+ Kh7 35. Bf6 Nd2 36. Bd4 Ne4 37. h3 Rxc2 38.
Re3 Rxa2 39. g4 Rc7 $138 0-1

[Event "Lansing (MI Op/5/33)"]
[Site "?"]
[Date "1996.??.??"]
[Round "?"]
[White "Neshewat, Michael"]
[Black "Thurman, John"]
[Result "1-0"]
[WhiteElo "1875"]
[BlackElo "1730"]
[PlyCount "71"]
[EventDate "1996.??.??"]

{5/(33)} 1. e4 e6 2. d4 d5 3. Nc3 Bb4 4. Bd3 Ne7 5. a3 Bxc3+ 6. bxc3 c5 7. Ne2
c4 8. Bxc4 dxc4 9. O-O O-O 10. f4 f5 11. e5 Nd5 12. a4 Qa5 13. Rf3 Nc6 14. Rh3
Bd7 15. Qe1 Nce7 16. Qh4 h6 17. g4 Ng6 18. Qg3 Be8 19. Kf2 Kh7 20. Bd2 Rg8 21.
gxf5 exf5 22. Qg2 Bc6 23. Qg5 Nde7 24. Qh5 Qd5 25. Rg3 Qe4 26. Ra2 Bxa4 27.
Rxa4 Qxc2 28. Rxc4 Qxd2 29. d5 Qa2 30. Rd4 Nxe5 31. fxe5 g6 32. Qh3 Nxd5 33.
Rh4 g5 34. Rxh6+ Kg7 35. Qxf5 Ne7 36. Qf6# 1-0

[Event "Lansing (MI Op/3/33)"]
[Site "?"]
[Date "1996.??.??"]
[Round "?"]
[White "Neshewat, Michael"]
[Black "Haakonstad, Olaf"]
[Result "0-1"]
[WhiteElo "1875"]
[BlackElo "1800"]
[PlyCount "86"]
[EventDate "1996.??.??"]

{3/(33)} 1. e4 e5 2. Nf3 Nc6 3. Bb5 a6 4. Ba4 Nf6 5. O-O Be7 6. Re1 b5 7. Bb3
O-O 8. c3 d5 9. exd5 Nxd5 10. Nxe5 Nxe5 11. Rxe5 Bb7 12. d4 c6 13. Qd3 Bd6 14.
Bc2 Nf6 15. Bg5 g6 16. Qh3 Bxe5 17. dxe5 Re8 18. f4 Bc8 19. Bxf6 Bxh3 20. Bxd8
Raxd8 21. gxh3 f6 22. Bb3+ Kg7 23. e6 c5 24. c4 b4 25. a3 Rxe6 26. axb4 cxb4
27. Bc2 Re2 28. Ba4 Rxb2 29. c5 b3 30. Nc3 Rdd2 31. Bc6 Rbc2 32. Na4 b2 33.
Nxb2 Rxb2 34. Bf3 a5 35. c6 Rbc2 36. Be4 Rc4 37. Bh1 a4 38. Kf1 f5 39. h4 a3
40. h3 a2 41. Bg2 Rcc2 42. Bf3 Rc3 43. h5 Rxf3+ 0-1

[Event "Lansing (MI Op/1a/8)"]
[Site "?"]
[Date "1996.??.??"]
[Round "?"]
[White "Neshewat, Michael"]
[Black "Carroll, Deuvoy"]
[Result "0-1"]
[WhiteElo "1875"]
[BlackElo "2130"]
[PlyCount "72"]
[EventDate "1996.??.??"]

1. e4 d5 2. exd5 Qxd5 3. Nc3 Qa5 4. Bc4 c6 5. Qf3 Nf6 6. h3 Bf5 7. d3 e6 8.
Nge2 Nbd7 9. Bf4 Ne5 10. Bxe5 Qxe5 11. O-O Bd6 12. Ng3 Bg6 13. Rfe1 Qd4 14.
Nge2 Qh4 15. Qe3 O-O 16. Ng3 a5 17. a4 Bf4 18. Qf3 Bxg3 19. fxg3 Qd4+ 20. Kh2
Rad8 21. Re3 Nd5 22. Bxd5 cxd5 23. Rae1 Rc8 24. Re5 Qb4 25. h4 h5 26. Nb5 Rxc2
27. b3 Qxb3 28. Nd4 Qxa4 29. Nxc2 Qxc2 30. d4 Qd3 31. Qf2 Rc8 32. Rf1 Rc2 33.
Qf4 Qd2 34. Qf3 Rc3 35. Rf2 Qxd4 36. Qe2 Rc2 0-1

[Event "Kalamazoo (MI Am/1/1)"]
[Site "?"]
[Date "1996.??.??"]
[Round "?"]
[White "Neely, Richard"]
[Black "Smith, Les L"]
[Result "1-0"]
[WhiteElo "1605"]
[BlackElo "1980"]
[PlyCount "75"]
[EventDate "1996.??.??"]

{1/(1)} 1. d4 g6 2. c4 Bg7 3. Nc3 c5 4. d5 d6 5. Nf3 Nf6 6. g3 Qb6 7. Rb1 Bf5
8. Ra1 O-O 9. Bg2 a6 10. O-O Nbd7 11. Nh4 Ne5 12. Nxf5 gxf5 13. b3 Rad8 14. Qc2
e6 15. Bg5 h6 16. Bh4 Ng6 17. Bxf6 Bxf6 18. Rab1 Qa5 19. Rbc1 Rd7 20. e4 Bxc3
21. Qxc3 Qxa2 22. Ra1 Qe2 23. Bf3 Qxf1+ 24. Kxf1 fxe4 25. Bxe4 f5 26. dxe6 Re7
27. Bd5 Ne5 28. f4 Ng4 29. h3 Nf6 30. b4 Nh5 31. bxc5 dxc5 32. Qf3 Nf6 33. Bxb7
Rxe6 34. Bd5 Nxd5 35. Qxd5 Rff6 36. Rxa6 Kf7 37. Rxe6 Rxe6 38. Qxf5+ 1-0

[Event "Kalamazoo (MI Am/5/20)"]
[Site "?"]
[Date "1996.??.??"]
[Round "?"]
[White "Neely, Richard"]
[Black "Kyser, Bob"]
[Result "1-0"]
[WhiteElo "1605"]
[BlackElo "1605"]
[PlyCount "49"]
[EventDate "1996.??.??"]

{5/(20)} 1. d4 d5 2. e4 dxe4 3. Nc3 Bf5 4. g4 Bg6 5. Bg2 Nf6 6. f3 exf3 7. Qxf3
c6 8. Be3 Bxc2 9. Rc1 Bg6 10. Nge2 e6 11. Bf4 h6 12. h4 Nd5 13. h5 Bh7 14. O-O
Nxf4 15. Qxf4 f5 16. Ng3 Bd6 17. Qf3 Bxg3 18. Qxg3 Qxd4+ 19. Kh1 Qxg4 20. Qd6
Qxh5+ 21. Kg1 Qf7 22. Rce1 Bg8 23. Nd5 Na6 24. Rxf5 Rd8 25. Rxe6+ 1-0

[Event "Howell (US Am N/3/48)"]
[Site "?"]
[Date "1996.??.??"]
[Round "?"]
[White "Neely, Richard"]
[Black "Henry, Robynne"]
[Result "1/2-1/2"]
[WhiteElo "1605"]
[BlackElo "1605"]
[PlyCount "56"]
[EventDate "1996.??.??"]

{3/(48)} 1. d4 e6 2. c4 d5 3. Nc3 Nf6 4. e3 Be7 5. c5 a6 6. Nf3 h6 7. Bd3 Bd7
8. O-O Nc6 9. a3 O-O 10. Qc2 b6 11. b4 b5 12. Bb2 Rb8 13. Rfe1 Kh8 14. Rad1 Re8
15. e4 Na7 16. Ne5 Rf8 17. exd5 exd5 18. Ne2 Nc6 19. Nf3 Be6 20. Nf4 Bg4 21.
Be2 Qd7 22. h3 Bf5 23. Bd3 Bxd3 24. Nxd3 Qd8 25. Nde5 Nxe5 26. Rxe5 c6 27. Rde1
Rb7 28. Nh4 Ne4 1/2-1/2

[Event "Howell (US Am N/1/6)"]
[Site "?"]
[Date "1996.??.??"]
[Round "?"]
[White "Neely, Richard"]
[Black "Fuller, William"]
[Result "0-1"]
[WhiteElo "1605"]
[BlackElo "2040"]
[PlyCount "54"]
[EventDate "1996.??.??"]

{1/(6)} 1. d4 Nf6 2. c4 e6 3. Nc3 Bb4 4. Nf3 c5 5. a3 Bxc3+ 6. bxc3 O-O 7. Bf4
Ne4 8. Qc2 f5 9. g3 g5 10. Bxb8 Rxb8 11. Bg2 d6 12. O-O Qf6 13. Nd2 Nxd2 14.
Qxd2 b6 15. d5 e5 16. f4 gxf4 17. gxf4 e4 18. e3 Ba6 19. Qf2 Bxc4 20. Rfc1 Rb7
21. Qb2 Rg7 22. Rc2 Qh4 23. Kh1 Rf6 24. Rg1 Rh6 25. Bf1 Rxg1+ 26. Kxg1 Qe1 27.
Rc1 Qxe3+ 0-1

[Event "Kalamazoo (MI Am/3/21)"]
[Site "?"]
[Date "1996.??.??"]
[Round "?"]
[White "Neely, Richard"]
[Black "Evans Sr., Thomas"]
[Result "0-1"]
[WhiteElo "1605"]
[BlackElo "1605"]
[PlyCount "106"]
[EventDate "1996.??.??"]

{3/(21)} 1. d4 e6 2. c4 d5 3. Nc3 Nf6 4. c5 Nc6 5. Bg5 Be7 6. Nf3 O-O 7. e3 Ng4
8. Bxe7 Qxe7 9. h3 Nf6 10. Bd3 e5 11. O-O e4 12. b4 exd3 13. b5 Nb4 14. a3 Nc2
15. Ra2 Bf5 16. Ne5 Rac8 17. Nxd3 Nxe3 18. Qe1 Bxd3 19. fxe3 Bxf1 20. Kxf1 c6
21. a4 Ne4 22. Nd1 Rfe8 23. Kg1 Qg5 24. Ra3 Qg3 25. Qe2 Ng5 26. Nf2 Re6 27. Kh1
Rce8 28. Ng4 Nxh3 29. gxh3 Qxh3+ 30. Nh2 Rxe3 31. Rxe3 Qxe3 32. Qg4 Qe4+ 33.
Qg2 Qxg2+ 34. Kxg2 Re4 35. Nf3 h5 36. bxc6 bxc6 37. Ne5 Rxd4 38. Nxc6 Rxa4 39.
Ne7+ Kf8 40. Nxd5 Ra5 41. Kg3 Rxc5 42. Nf4 g5 43. Nxh5 a5 44. Nf6 a4 45. Nd7+
Ke7 46. Nxc5 a3 47. Kg4 a2 48. Nb3 Kf6 49. Kg3 Ke5 50. Kf3 f5 51. Kg3 Ke4 52.
Na1 f4+ 53. Kf2 g4 0-1

[Event "Howell (US Am N/4/45)"]
[Site "?"]
[Date "1996.??.??"]
[Round "?"]
[White "Neely, Richard"]
[Black "Avery, Robert W"]
[Result "1-0"]
[WhiteElo "1605"]
[BlackElo "1605"]
[PlyCount "49"]
[EventDate "1996.??.??"]

{4/(45)} 1. Nf3 Nc6 2. g3 e5 3. d4 Bb4+ 4. c3 e4 5. Ng5 Be7 6. Nxe4 Nf6 7.
Nxf6+ Bxf6 8. Bg2 d5 9. O-O O-O 10. Nd2 Re8 11. Re1 Bg5 12. e4 Bxd2 13. Bxd2
Ne7 14. Bg5 Be6 15. Qc2 Qd7 16. Bxe7 Rxe7 17. exd5 Bg4 18. Rxe7 Qxe7 19. Be4 g6
20. f3 Re8 21. Qd2 Bh3 22. Kf2 f5 23. Bd3 a6 24. Bc4 g5 25. d6+ 1-0

[Event "Detroit (WCO/3/27)"]
[Site "?"]
[Date "1996.??.??"]
[Round "?"]
[White "Musulin, A."]
[Black "Yancey, Seleana"]
[Result "0-1"]
[WhiteElo "1605"]
[BlackElo "1605"]
[PlyCount "98"]
[EventDate "1996.??.??"]

{3/(27)} 1. e4 e5 2. Nf3 Nc6 3. Bc4 Nf6 4. d3 Bc5 5. Be3 Bxe3 6. fxe3 O-O 7.
O-O d5 8. exd5 Nxd5 9. e4 Ne3 10. Qe2 Nxf1 11. Qxf1 Nd4 12. Nc3 Nxf3+ 13. Qxf3
Qd4+ 14. Kh1 Be6 15. Bb3 Bxb3 16. axb3 g6 17. Ra4 Qd6 18. Qh3 f5 19. Nb5 fxe4
20. g3 Qf6 21. Ra1 exd3 22. cxd3 c6 23. Nc3 a6 24. Ne4 Qf3+ 25. Qg2 Qxg2+ 26.
Kxg2 Rad8 27. Rd1 Rd4 28. Nc5 Rf7 29. Ne6 Rd6 30. Ng5 Rfd7 31. Ne4 Rxd3 32. Rf1
Rf7 33. Nf6+ Kg7 34. Nxh7 Rd2+ 35. Kg1 Rxf1+ 36. Kxf1 Rxb2 37. Ng5 Rxb3 38.
Ne6+ Kf6 39. Nc5 Rb2 40. Ne4+ Kf5 41. Nd6+ Kg4 42. Ne4 Kh3 43. Nf2+ Kxh2 44.
Ng4+ Kxg3 45. Nxe5 Rf2+ 46. Ke1 a5 47. Nxg6 a4 48. Kd1 a3 49. Kc1 a2 0-1

[Event "Detroit (WCO/1/17)"]
[Site "?"]
[Date "1996.??.??"]
[Round "?"]
[White "Musulin, A."]
[Black "Martell, Raul"]
[Result "0-1"]
[WhiteElo "1605"]
[BlackElo "1605"]
[PlyCount "40"]
[EventDate "1996.??.??"]

{1/(17)} 1. e4 e5 2. Nf3 Nc6 3. Bc4 Bc5 4. O-O d6 5. d3 Bg4 6. Nc3 Nd4 7. Bg5
f6 8. Be3 Nxf3+ 9. gxf3 Bh3 10. Re1 f5 11. Kh1 f4 12. Bxc5 dxc5 13. Rg1 g6 14.
a3 Nf6 15. Nd5 Nxd5 16. Bxd5 c6 17. Bc4 Qd4 18. c3 Qxf2 19. Qb3 Qxf3+ 20. Rg2
Qxg2# 0-1

[Event "Detroit (Beg/2/10)"]
[Site "?"]
[Date "1996.??.??"]
[Round "?"]
[White "Musulin, A."]
[Black "Chrzan, Anthony"]
[Result "1-0"]
[WhiteElo "1605"]
[BlackElo "1605"]
[PlyCount "53"]
[EventDate "1996.??.??"]

{2/(10)} 1. e4 e5 2. Nf3 Nc6 3. Bc4 Bc5 4. d3 Nf6 5. Bg5 O-O 6. O-O d6 7. Nc3
Bg4 8. Nd5 Bxf3 9. Qxf3 Nd4 10. Qg3 Nh5 11. Qh4 f6 12. Nxc7+ d5 13. Bxd5+ Kh8
14. Nxa8 fxg5 15. Qxh5 Qxa8 16. Bf7 Nxc2 17. Bg6 h6 18. Rac1 Ne3 19. fxe3 Bxe3+
20. Kh1 Bxc1 21. Rxc1 Rf2 22. h4 gxh4 23. Qxh4 Rxb2 24. Rc7 Rxa2 25. Qe7 Ra1+
26. Kh2 Rd1 27. Qxg7# 1-0

[Event "Detroit (Beg/4/4)"]
[Site "?"]
[Date "1996.??.??"]
[Round "?"]
[White "Musulin, A."]
[Black "Bernal, H."]
[Result "0-1"]
[WhiteElo "1605"]
[BlackElo "1605"]
[PlyCount "76"]
[EventDate "1996.??.??"]

{4/(4)} 1. e4 e5 2. Nf3 Nc6 3. Bb5 d6 4. O-O Bd7 5. c3 h6 6. d4 exd4 7. cxd4 a6
8. Bc4 Nf6 9. d5 Ne7 10. e5 Nh7 11. Nh4 Ng6 12. Nxg6 fxg6 13. Nc3 Be7 14. Qc2
Bf5 15. Bd3 O-O 16. Qe2 dxe5 17. Bxf5 Rxf5 18. Ne4 Qxd5 19. Qg4 Qf7 20. Be3 b6
21. Rac1 h5 22. Qd1 Rc8 23. Qd7 Qf8 24. Rxc7 Rxc7 25. Qxc7 b5 26. Bc5 Bxc5 27.
Nxc5 Rf7 28. Qxe5 Rf5 29. Qe6+ Qf7 30. Qc8+ Nf8 31. Nb7 Kh7 32. Nd6 Qf6 33.
Nxf5 gxf5 34. b4 h4 35. Qa8 Qg6 36. Rc1 h3 37. Rc8 Qf6 38. Rxf8 Qa1# 0-1

[Event "Detroit (MI Women/1/8"]
[Site "?"]
[Date "1996.??.??"]
[Round "?"]
[White "Mullane, K."]
[Black "Maldonado, Diana"]
[Result "1-0"]
[WhiteElo "1605"]
[BlackElo "1605"]
[PlyCount "39"]
[EventDate "1996.??.??"]

{1/8} 1. d4 e5 2. dxe5 Bb4+ 3. c3 Ba5 4. Na3 Nc6 5. Bf4 Nh6 6. e6 fxe6 7. Nb5
Rb8 8. Bxc7 Bxc7 9. e3 O-O 10. Bd3 a6 11. Nd4 Nxd4 12. cxd4 g6 13. Qd2 Ba5 14.
b4 Bb6 15. e4 Bxd4 16. Qxh6 Qe7 17. Nf3 Bxa1 18. O-O Qxb4 19. Ng5 Qc3 20. Qxh7#
1-0

[Event "Detroit (MI Women/3/7)"]
[Site "?"]
[Date "1996.??.??"]
[Round "?"]
[White "Mullane, K."]
[Black "Libby, A."]
[Result "1-0"]
[WhiteElo "1605"]
[BlackElo "1605"]
[PlyCount "59"]
[EventDate "1996.??.??"]

{3/(7)} 1. d4 Nc6 2. Nc3 Nxd4 3. Qxd4 Nf6 4. Qf4 d5 5. Nb5 Rb8 6. Nf3 e6 7.
Qxc7 Qxc7 8. Nxc7+ Kd8 9. Bf4 Bb4+ 10. c3 Ba5 11. Nb5 Ra8 12. Ne5 Bb6 13. Nxf7+
Ke7 14. Nxh8 Ng4 15. O-O-O Bd7 16. Bd6+ Kf6 17. e3 Rxh8 18. Bg3 Rc8 19. e4 a6
20. Nd6 Rc6 21. exd5 Rc5 22. Ne4+ Kf5 23. Nxc5 Bxc5 24. dxe6 Kxe6 25. Bc4+ Ke7
26. Bh4+ Ke8 27. Rhe1+ Be6 28. Rxe6+ Kf7 29. Re4+ Kf8 30. Rd8# 1-0

[Event "Flint (MI Jr/4/15)"]
[Site "?"]
[Date "1996.??.??"]
[Round "?"]
[White "Mullane, B."]
[Black "Salami, Samer"]
[Result "0-1"]
[WhiteElo "1605"]
[BlackElo "1605"]
[PlyCount "80"]
[EventDate "1996.??.??"]

{4/(15)} 1. d4 d5 2. Nc3 e6 3. Bf4 Bb4 4. Qd2 Nf6 5. a3 Ne4 6. Qd3 Bxc3+ 7.
bxc3 Qd7 8. c4 Nc6 9. Nf3 f6 10. cxd5 exd5 11. e3 Qe7 12. Rb1 Bf5 13. Rxb7 Ng3
14. Qb5 Nxh1 15. Rxc7 Bd7 16. Qb7 Rb8 17. Qa6 Rb6 18. Qa4 Nxd4 19. Qxd4 Rb1+
20. Ke2 Qxa3 21. Qxd5 Qa6+ 22. Kd2 Qe6 23. Qa8+ Ke7 24. Qxh8 Qd5+ 25. Bd3 Nxf2
26. Qxg7+ Ke8 27. Qh8+ Ke7 28. Qxh7+ Ke8 29. Qh8+ Ke7 30. Qg7+ Ke8 31. Qxf6
Ne4+ 32. Ke2 Nxf6 33. Bg6+ Ke7 34. Nd4 Qxg2+ 35. Kd3 Qxg6+ 36. Kc3 Nd5+ 37. Kc4
Nxc7 38. Bxc7 Be6+ 39. Kc5 Qg5+ 40. Kc6 Qd5# 0-1